| 000 | 00601nam a2200181Ia 4500 | ||
|---|---|---|---|
| 008 | 090630s9999 xx 000 0 und d | ||
| 082 | _b18211 | ||
| 100 | _aमाने श्याम. | ||
| 245 |
_aबासरीची जादू. _cमाने श्याम. |
||
| 260 |
_bदिलीपराज- पुणे. _c2000 |
||
| 300 | _a16 | ||
| 600 | _aमाने श्याम. | ||
| 630 | _aबासरीची जादू. | ||
| 655 | _aबालवाङमय. | ||
| 700 | _aमाने श्याम. | ||
| 730 | _aबासरीची जादू. | ||
| 942 | _cBOOK | ||
| 999 |
_c270067 _d270067 |
||